000 00574nam a2200193Ia 4500
003 GCL
008 140319s9999 xx 000 0 ara d
040 _aGCL /
_cGCL
082 0 4 _a184
_bا ث
100 1 _aاميرة حلمى مطر (مترجم)
245 1 0 _aثبا تيتوس او عبد العلم (محاورةلأفلاطون) /
_cاميرة حلمى مطر (مترجم)
700 1 _aافلاطون
300 _a166 ص
490 _a
650 0 4 _aالفلسفة
650 0 4 _aالفلسفة اليونانية
650 0 4 _aافلاطون
942 _2ddc
_cBK
999 _c40401
_d40401